Theory from the south : (Record no. 129961)
[ view plain ]
| 000 -LEADER | |
|---|---|
| fixed length control field | 00669nam a22001937a 4500 |
| 008 - FIXED-LENGTH DATA ELEMENTS--GENERAL INFORMATION | |
| fixed length control field | 191112b ||||| |||| 00| 0 eng d |
| 020 ## - INTERNATIONAL STANDARD BOOK NUMBER | |
| International Standard Book Number | 978-1-59451-764-8 |
| 050 ## - LIBRARY OF CONGRESS CALL NUMBER | |
| Classification number | GN492.C728 |
| 100 ## - MAIN ENTRY--PERSONAL NAME | |
| Personal name | Comaroff, Jean |
| 9 (RLIN) | 30547 |
| 245 ## - TITLE STATEMENT | |
| Title | Theory from the south : |
| Remainder of title | or, how Euro-America is evolving towards Africa |
| Statement of responsibility, etc | / by Jean Camaroff and John L. Comaroff |
| 260 ## - PUBLICATION, DISTRIBUTION, ETC. (IMPRINT) | |
| Place of publication, distribution, etc | London: |
| Name of publisher, distributor, etc | Routledge, |
| Date of publication, distribution, etc | 2012. |
| 300 ## - PHYSICAL DESCRIPTION | |
| Extent | xii, 260p. ; |
| Dimensions | 26cm. |
| 650 ## - SUBJECT ADDED ENTRY--TOPICAL TERM | |
| Topical term or geographic name as entry element | Political anthropology |
| 9 (RLIN) | 48488 |
| 650 ## - SUBJECT ADDED ENTRY--TOPICAL TERM | |
| Topical term or geographic name as entry element | Sovereignity |
| 9 (RLIN) | 48501 |
| 650 ## - SUBJECT ADDED ENTRY--TOPICAL TERM | |
| Topical term or geographic name as entry element | Human territoriality |
| 9 (RLIN) | 48502 |
| 650 ## - SUBJECT ADDED ENTRY--TOPICAL TERM | |
| Topical term or geographic name as entry element | Political violennce |
| 9 (RLIN) | 48503 |
| 700 ## - ADDED ENTRY--PERSONAL NAME | |
| Personal name | Comaroff, John L. |
| 9 (RLIN) | 37121 |
| 942 ## - ADDED ENTRY ELEMENTS (KOHA) | |
| Source of classification or shelving scheme | Library of Congress Classification |
| Item type | Monograph ( Printed materials) |
| Withdrawn status | Lost status | Source of classification or shelving scheme | Damaged status | Not for loan | Collection code | Home library | Current library | Shelving location | Date acquired | Total Checkouts | Full call number | Barcode | Date last seen | Price effective from | Koha item type |
|---|---|---|---|---|---|---|---|---|---|---|---|---|---|---|---|
| Library of Congress Classification | Main Collection | ARRUPE LIBRARY | ARRUPE LIBRARY | Main Collection | 12/11/2019 | GN492.C728 | 46600005769 | 12/11/2019 | 12/11/2019 | Monograph ( Printed materials) |